| 000 | 00348nam a2200133Ia 4500 | ||
|---|---|---|---|
| 999 |
_c9797 _d9797 |
||
| 003 | OSt | ||
| 005 | 20220302172343.0 | ||
| 008 | 220112s9999||||xx |||||||||||||| ||und|| | ||
| 020 | _a9788194793212 | ||
| 082 |
_a337 _bSEN |
||
| 100 | _aSengupta, Partha Pratim | ||
| 245 | 0 | _aContemporary issues on globalization and sustainable development | |
| 942 | _2ddc | ||